01258nam a2200193Ia 450000500170000000800410001702000180005805000220007610000290009824500610012726000390018830000230022750001510025050400330040150505400043465000300097465000260100470000340103020231102150923.0120626s2009 mx 000 0 spa d a978607500036704aBF105bG6618 2009 aGoodwin, James C.eautor10aHistoria de la psicología modernac / James C. Goodwin aMéxicob : Limusa Wileyc , 2009 axxi, 537 páginas aIncluye prefacio, resúmenes de carcterísticas importantes, línea del tiempo 1800-2000, glosario, índice onomástico, índice temático  aBibliografía (pp. 479-501) aIntroducción a la historia de la psicología El contexto filosófico El contexto neurofisiológico Wundt y la psicología alemana El siglo de Darwin: pensamiento evolutivo Pioneros de la psicología en Estados Unidos Estructuralismo y funcionalismo Aplicación de la nueva psicología Orígenes del conductismo Evolucióm de conductismo Las enfermedades mentales y su tratamiento Psicólogos en la práctica profesional La ciencia de la psicología en la posguerra Vinculación entre pasado y presente de la psicología 0aAUTORES DE LA FILOSOFÍA 0aENFERMEDADES MENTALES aNuñez Juse Luis eTraductor